00918nam a22001217a 4500008004100000100003300041245007500074260003100149300003500180520038800215650016200603773003100765240408b ||||| |||| 00| 0 eng d aNaik, M.R. and Kumar, Rohit  aPredicating property crimes in railways: A case of Bihar rail network  aThe Indian Police Journal  a 69(3), Jul-Sep, 2022: p.12-25 aNumerous policing outfits across the globe are adopting predictive policing to contain different types of crime. Indian police forces are also using predictive policing in various areas, except railways. This study is an attempt to showcase the usage of predictive policing tools in Indian railways by implementing it to predict property crimes in Bihar rail network. – Reproduced  aPolicing Outfits, Predictive Policing, Crime, Indian Police Forces, Railways, Indian Railways, Predictive Policing Tools, Property Crimes, Bihar Rail Network aThe Indian Police Journal